[Event "Adelaide Interclub-A"]
[Site "Adelaide"]
[Date "2002.05.07"]
[Round "1.2"]
[White "Foster, Barry"]
[Black "Saint, Andrew"]
[Result "0-1"]
[WhiteElo "1936"]
[BlackElo "1883"]
[PlyCount "40"]
[EventDate "2002.05.07"]
[EventType "team-tourn"]
[EventRounds "9"]
[EventCountry "AUS"]
[SourceTitle "EXT 2023"]
[Source "ChessBase"]
[SourceDate "2022.10.05"]
[SourceVersion "1"]
[SourceVersionDate "2022.10.05"]
[SourceQuality "1"]

1. d4 d5 2. c4 c6 3. Nf3 Nf6 4. Nc3 g6 5. e3 Bg7 6. Be2 0-0 7. Ne5 Nbd7 8. 0-0 Ne4 9. f4 e6 10. Qc2 f5 11. b4 Nxe5 12. dxe5 b6 13. Rb1 Qe7 14. b5 Bb7 15. Rd1 Rfd8 16. bxc6 Bxc6 17. Nb5 Bxb5 18. Rxb5 Rac8 19. Qb3 Qc7 20. cxd5 Qxc1 0-1